000 00340nam a2200145Ia 4500
008 150201s2009 xx 000 0 und d
082 _a610
_bA09R
100 _aROSEVEARE,CHRIS
245 _aACUTE MEDICINE
250 _a1ST
260 _bWILEY BLACKWELL
_aUK
_c2009
300 _a1-240
650 _aMEDICINE AND DIAGNOSIS
942 _2ddc
_cBK
999 _c574
_d574